000
00290nam a22001337a 4500
008
170511b xxu||||| |||| 00| 0 eng d
020
_a
0316108839
041
_a
eng
080
_2
4TH
_a
34
100
_a
15
101
_a
SHJ
245
_a
CONFLICT OF LAWS
_c
BRIMLAYER , L
942
_2
udc
_c
BK
999
_c
13092
_d
13092